Tenants safer under new government measures (Record no. 84613)

MARC details
000 -LEADER
fixed length control field 01019cab a22002415a 4500
001 - CONTROL NUMBER
control field L158510
008 - FIXED-LENGTH DATA ELEMENTS--GENERAL INFORMATION
fixed length control field 150402e20150311xxk 000 0 eng d
035 ## - SYSTEM CONTROL NUMBER
System control number (Sirsi) u158510
041 0# - LANGUAGE CODE
Language code of text/sound track or separate title eng
110 2# - MAIN ENTRY--CORPORATE NAME
Corporate name or jurisdiction name as entry element United Kingdom
Form subheading Department of Communities and Local government
9 (RLIN) 6152
245 00 - TITLE STATEMENT
Title Tenants safer under new government measures
Medium [electronic resource]
260 ## - PUBLICATION, DISTRIBUTION, ETC.
Date of publication, distribution, etc. 2015
490 ## - SERIES STATEMENT
Series statement DCLG Press Release
Volume/sequential designation 11 March 2015
520 ## - SUMMARY, ETC.
Summary, etc. Outlines proposals requiring private rented sector landlords to install working smoke and carbon monoxide alarms in their properties. The measures are expected to come into force after October 2015 subject to legislation.
590 ## - LOCAL NOTE (RLIN)
Local note KA
650 24 - SUBJECT ADDED ENTRY--TOPICAL TERM
Topical term or geographic name entry element SMOKE ALARMS
650 24 - SUBJECT ADDED ENTRY--TOPICAL TERM
Topical term or geographic name entry element CARBON MONOXIDE ALARMS
651 #4 - SUBJECT ADDED ENTRY--GEOGRAPHIC NAME
Geographic name England
Chronological subdivision 886-
690 ## - LOCAL SUBJECT ADDED ENTRY--TOPICAL TERM (OCLC, RLIN)
Topical term or geographic name as entry element Residential property
9 (RLIN) 6266
690 ## - LOCAL SUBJECT ADDED ENTRY--TOPICAL TERM (OCLC, RLIN)
Topical term or geographic name as entry element Landlord and tenant
9 (RLIN) 6252
856 40 - ELECTRONIC LOCATION AND ACCESS
Uniform Resource Identifier <a href="https://www.gov.uk/government/news/tenants-safer-under-new-government-measures">https://www.gov.uk/government/news/tenants-safer-under-new-government-measures</a>
Public note View this item free of charge at www.gov.uk
942 ## - ADDED ENTRY ELEMENTS (KOHA)
Suppress in OPAC 0
Holdings
Withdrawn status Lost status Source of classification or shelving scheme Damaged status Not for loan Home library Current library Shelving location Date acquired Total Checkouts Full call number Barcode Date last seen Copy number Price effective from Koha item type
    Dewey Decimal Classification     Virtual Virtual Online 02/04/2015   ONLINE PUBLICATION 158510-2001 06/08/2019 1 06/08/2019 Journal article